Epic Rap Battles of History Lyrics - Napoleon vs. Charlemagne - Statistics

General Stats
  • This quiz has been taken 21 times
  • The average score is 143 of 385
Answer Stats
Rapper Lyrics % Correct
The
86%
A
79%
I
79%
To
79%
Who
79%
An
71%
Charlemagne
71%
Of
71%
You
71%
Conquer
64%
It
64%
King
64%
Charlemagne | Napoleon Oh
64%
And
57%
War
57%
Your
57%
Are
50%
Birth
50%
Established
50%
Europe
50%
Gave
50%
Is
50%
Like
50%
Short
50%
Torturing
50%
Charlemagne Who's
50%
ABBA
43%
Be
43%
Been
43%
Campaigns
43%
Charles
43%
Conquering
43%
Elaborate
43%
Em
43%
Empire
43%
Excellence
43%
Fathered
43%
Fonts
43%
Great
43%
His
43%
Hit
43%
Holy
43%
Horny
43%
I'm
43%
In
43%
Lasted
43%
No
43%
On
43%
Own
43%
Par
43%
Renaissance
43%
Roman
43%
Son
43%
That
43%
Thousand
43%
Too
43%
Years
43%
Article
36%
Artisan
36%
Bubble
36%
Can
36%
Carolingian
36%
Corsican
36%
Cringe
36%
Egypt
36%
Eyes
36%
Genuine
36%
Haiti
36%
Have
36%
Le
36%
Military
36%
Pepin
36%
Pope's
36%
Popped
36%
Savaged
36%
Saved
36%
Spain
36%
This
36%
Until
36%
Up
36%
When
36%
But
29%
By
29%
Charlatan
29%
Do
29%
Even
29%
Franks
29%
Pranced
29%
Beans
21%
Beat
21%
Bit
21%
Coup
21%
Every
21%
Fear
21%
Flow
21%
Four
21%
French
21%
God
21%
Hardcore
21%
Joséphine
21%
Land
21%
Leaving
21%
Lombards
21%
Love
21%
More
21%
Must
21%
Now
21%
Old
21%
Overblown
21%
Pocket
21%
Quaking
21%
Quite
21%
Rock
21%
Royalist
21%
Sporting
21%
Strike
21%
Suck
21%
Swine
21%
Sword
21%
Take
21%
Toulon
21%
War's
21%
Why
21%
With
21%
You're
21%
Already
14%
Armor
14%
Asunder
14%
Back
14%
Battle
14%
Between
14%
Bloody
14%
Bombard
14%
Brutally
14%
Can't
14%
Charlem-shake
14%
Clanky
14%
Come
14%
Corporal
14%
Crown
14%
Decided
14%
Egotistic
14%
Elementary
14%
Enlisted
14%
Get
14%
Got
14%
Groove
14%
Hand
14%
Has
14%
Here
14%
Hordes
14%
I'll
14%
Janky
14%
Joyous
14%
Keep
14%
Latrine
14%
Little
14%
Lose
14%
Making
14%
Monarch
14%
My
14%
Nothing
14%
Numbers
14%
Nurse
14%
One
14%
Only
14%
Outflank
14%
Pagans
14%
Petit
14%
Poison
14%
Poupon
14%
School
14%
Shot
14%
Should
14%
Sided
14%
Spine
14%
Subdue
14%
Suit
14%
Tore
14%
Verdict
14%
Was
14%
Worse
14%
12
7%
Balls
7%
Belong
7%
Bicrone
7%
Blast
7%
Brit
7%
Bullet
7%
Canister
7%
Cross
7%
Debacle
7%
Diamond
7%
Don't
7%
Flames
7%
From
7%
Grey
7%
Help
7%
Hilt
7%
If
7%
Kept
7%
Lice
7%
Might
7%
Moscow
7%
Myself
7%
Need
7%
Pretend
7%
Put
7%
Rapper
7%
Recieve
7%
Retreat
7%
Russian
7%
Since
7%
Smoothest
7%
Sunk
7%
These
7%
Thing
7%
Those
7%
Throne
7%
Vial
7%
Whiney
7%
You'll
7%
Almost
0%
Alps
0%
Bad
0%
Costly
0%
Drank
0%
Dripped
0%
Ease
0%
Gribeauvals
0%
Just
0%
Losses
0%
Me
0%
Name
0%
Next
0%
People
0%
Place
0%
Pounder
0%
Pregnant
0%
Shouldn't
0%
Still
0%
Wife
0%
Will
0%
Winter
0%
No matching quizzes found
Score Distribution
Percent of People with Each Score
Percentile by Number Answered
Your Score History
You have not taken this quiz